000 00510nam a2200157 a 4500
001 000035290
005 20250207101102.0
008 111027s1970 sp 000 0 spa d
040 _aDO-SdBNP
_bspa
_cBNPHU
082 _axxxx
_bxxxx
100 1 _aTejera, Eduardo J
_b1947-
_910749
245 1 0 _aRecuerdos de un instante..... /
_cEduardo J. Tejera.
260 _aMadrid :
_bGráfia Clemares,
_c1970.
300 _a23 p. ;
_c20 cm.
590 _aPerteneció a la biblioteca personal de Federico Henríquez y Carvajal.
999 _c34781
_d34781